LEADER 01980nam 2200517 a 450 001 9910702215303321 005 20121203161029.0 035 $a(CKB)5470000002425999 035 $a(OCoLC)820036583 035 $a(EXLCZ)995470000002425999 100 $a20121203d2012 ua 0 101 0 $aeng 135 $aurcn||||||||| 181 $ctxt$2rdacontent 182 $cc$2rdamedia 183 $acr$2rdacarrier 200 00$aInvestigation of a Moire? based crack detection technique for propulsion health monitoring$b[electronic resource] /$fMark R. Woike ... [and others] 210 1$aCleveland, Ohio :$cNational Aeronautics and Space Administration, Glenn Research Center,$d[2012] 215 $a1 online resource (12 pages) $cillustrations (some color) 225 1 $aNASA/TM ;$v2012-217622 300 $aTitle from title screen (viewed on Dec. 3, 2012). 300 $a"June 2012." 300 $a"Prepared for the SMART Structures and Materials and Nondestructive Evaluation and Health Monitoring 2012 sponsored by the International Society for Optical Engineering (SPIE) San Diego, California, March 11-15, 2012." 320 $aIncludes bibliographical references (page 12). 606 $aGas turbine engines$2nasat 606 $aBlade tips$2nasat 606 $aClearances$2nasat 606 $aShafts (machine elements)$2nasat 606 $aCracks$2nasat 606 $aDetection$2nasat 606 $aOptical measurement$2nasat 615 7$aGas turbine engines. 615 7$aBlade tips. 615 7$aClearances. 615 7$aShafts (machine elements) 615 7$aCracks. 615 7$aDetection. 615 7$aOptical measurement. 701 $aWoike$b Mark R$01400761 712 02$aNASA Glenn Research Center. 801 0$bGPO 801 1$bGPO 906 $aBOOK 912 $a9910702215303321 996 $aInvestigation of a Moire? based crack detection technique for propulsion health monitoring$93468296 997 $aUNINA LEADER 02614nam 2200529 450 001 9910819026803321 005 20230809234747.0 010 $a3-504-38570-7 024 7 $a10.9785/9783504385705 035 $a(CKB)4340000000210089 035 $a(MiAaPQ)EBC5110720 035 $a(DE-B1597)487861 035 $a(OCoLC)1004874794 035 $a(DE-B1597)9783504385705 035 $a(Au-PeEL)EBL5110720 035 $a(CaPaEBR)ebr11460337 035 $a(OCoLC)1009332911 035 $a(EXLCZ)994340000000210089 100 $a20171123h20172017 uy 0 101 0 $ager 135 $aurcnu|||||||| 181 $2rdacontent 182 $2rdamedia 183 $2rdacarrier 200 10$aKunstrecht und Kunstgeschichte $eDer Dom als Aufgabe - Erhalt eines Welterbes /$fvon Erik Jayme und Barbara Schock-Werner 210 1$aKo?ln, [Germany] :$cOtto Schmidt,$d2017. 210 4$d©2017 215 $a1 online resource (60 pages) $cillustrations 225 0 $aSchriftenreihe der Ko?lner Juristischen Gesellschaft ;$vBand 32 311 $a3-504-65017-6 327 $tFrontmatter -- $tVorwort -- $tInhalt -- $tKunstrecht und Kunstgeschichte -- $tDer Dom als Aufgabe - Erhaltung eines Welterbes 330 $aRechtswissenschaft und Kunstgeschichte erscheinen auf den ersten Blick als zwei ganz verschiedene Wissenschaftsgebiete, die nur wenig Gemeinsames aufweisen, was ihre Systematik und ihre Begriffsbildung angeht. Näher betrachtet ergeben sich aber durchaus Übernahmen und ähnliche Fragestellungen und zwar in beiden Richtungen. Hinzu tritt das Kunstrecht als Brückenschlag zwischen den so verschiedenen Gebieten. Dies gilt vor allem für die Kunsthandelspraxis. Der Kölner Dom wurde 1996 zur Welterbestätte erklärt. Zu seiner Erhaltung werden gewaltige Anstrengungen unternommen. Die Dombauhütte mit ca. 80 Mitarbeitern ist mit der Erhaltung beauftragt; dies umfasst selbstverständlich auch die Erforschung und Dokumentation der Kathedrale und ihrer Kunstdenkmäler. Nicht nur außen, auch innen sind große Anstrengungen nötig, um das Gebäude zu erhalten. Denkmalpfl ege am Kölner Dom ist eine vielfältige Aufgabe, die sehr viele Aspekte hat. 606 $aLaw and art 606 $aArt$xHistory 615 0$aLaw and art. 615 0$aArt$xHistory. 676 $a344.097 686 $aLH 60140$2rvk 700 $aJayme$b Erik$0239699 702 $aSchock-Werner$b Barbara 801 0$bMiAaPQ 801 1$bMiAaPQ 801 2$bMiAaPQ 906 $aBOOK 912 $a9910819026803321 996 $aKunstrecht und Kunstgeschichte$93985762 997 $aUNINA